Aplicando la ciencia del aprendizaje.

Guardat en:
Dades bibliogràfiques
Autor principal: Mayer, Richard E. (autor)
Altres autors: Ruiz Martín, Héctor (prólogo)
Format: Desconegut
Publicat: Barcelona, España: ISTF, Graó, 2020.
Edició:1ª edición.
Col·lecció:Colección Educación Basada en Evidencias
Matèries:
Etiquetes: Afegir etiqueta
Sense etiquetes, Sigues el primer a etiquetar aquest registre!

MARC

LEADER 00000 a2200000 4500
003 CL-VaPUC
005 20230330100502.0
008 230313t2020 ||||| |||| 00| 0 eng d
999 |c 440124  |d 440122 
020 |a 978-84-18058-94-3 
040 |c Pontificia Universidad Católica de Valparaíso 
082 |2 22  |a 370.1523 MAY 2020 
100 |a Mayer, Richard E.  |9 594243  |e autor 
245 |a Aplicando la ciencia del aprendizaje. 
250 |a 1ª edición. 
260 |a Barcelona, España:  |b ISTF,  |b Graó,  |c 2020. 
300 |a 189 páginas. 
490 |a Colección Educación Basada en Evidencias  |n  02. 
583 |k GC  |c 20230313 
650 0 |9 254827  |a Aprendizaje   |v Análisis científico  |x Educación  
650 0 |9 814844  |a Psicología educativa  |x Aprendizaje  |x Enseñanza   |x Evaluación  
700 |a Ruiz Martín, Héctor  |e prólogo  |9 880548 
942 |2 ddc  |c BK 
952 |0 0  |1 0  |2 ddc  |4 0  |6 370_152300000000000_MAY_2020  |7 0  |8 A  |9 588986  |a BIBHIS  |b BIBHIS  |d 2023-03-13  |e 52  |g 22854.87  |i 5656629  |l 2  |m 1  |o 370.1523 MAY 2020  |p 5656629  |r 2025-01-30  |s 2025-01-02  |t 1  |v 22854.87  |w 2023-03-13  |y BK  |k HIS